UK National Rail with Map - Greater Anglia - Statistics

General Stats
  • This quiz has been taken 376 times
    371 since last reset
  • The average score is 55 of 143
Answers on the Map
Answers color-coded by a green-red scale on the quiz's map according to % correct below.
 
Answer Stats
Answer Line % Correct
London Liverpool Street Great Eastern Main Line
97%
Norwich Great Eastern Main Line
94%
Ipswich Great Eastern Main Line
92%
Stratford Great Eastern Main Line
89%
Colchester Great Eastern Main Line
87%
Cambridge West Anglia Main Line
86%
Ely Fen Line
86%
Shenfield Great Eastern Main Line
82%
Peterborough Ely to Peterborough Line
81%
Braintree Braintree Branch Line
79%
Chelmsford Great Eastern Main Line
77%
Stansted Airport West Anglia Main Line
77%
Great Yarmouth Wherry Lines
75%
Lowestoft East Suffolk Line
70%
Romford Great Eastern Main Line
69%
Clacton-on-Sea Sunshine Coast Line
68%
Southend Victoria Shenfield to Southend Line
67%
Felixstowe Felixstowe Branch Line
63%
Cromer Bittern Line
61%
Southend Airport Shenfield to Southend Line
61%
Cambridge North Fen Line
59%
Bishop’s Stortford West Anglia Main Line
58%
Cheshunt West Anglia Main Line
58%
Hertford East Hertford East Branch Line
58%
Bury St Edmunds Ipswich to Ely Line
57%
Colchester Town Sunshine Coast Line
56%
Manningtree Great Eastern Main Line
54%
Tottenham Hale West Anglia Main Line
54%
Diss Great Eastern Main Line
52%
Harwich Town Mayflower Line
52%
Sheringham Bittern Line
50%
Billericay Shenfield to Southend Line
49%
Harwich International Mayflower Line
49%
Marks Tey Great Eastern Main Line
49%
Harlow Town West Anglia Main Line
48%
March Ely to Peterborough Line
47%
Stansted Mountfitchet West Anglia Main Line
47%
Thetford Breckland Line
47%
Broxbourne West Anglia Main Line
46%
Walton-on-the-Naze Sunshine Coast Line
45%
Seven Sisters Lea Valley Lines
44%
Hackney Downs West Anglia Main Line
43%
Meridian Water West Anglia Main Line
43%
Stowmarket Great Eastern Main Line
43%
Witham Great Eastern Main Line
43%
Sudbury Gainsborough Line
42%
Lea Bridge Lea Valley Lines
41%
Rayleigh Shenfield to Southend Line
41%
Berney Arms Wherry Lines
40%
Braintree Freeport Braintree Branch Line
40%
Enfield Lock West Anglia Main Line
40%
Ingatestone Great Eastern Main Line
40%
Newmarket Ipswich to Ely Line
40%
Northumberland Park West Anglia Main Line
39%
Harlow Mill West Anglia Main Line
38%
Needham Market Great Eastern Main Line
38%
Soham Ipswich to Ely Line
38%
Waltham Cross West Anglia Main Line
38%
Audley End West Anglia Main Line
37%
Frinton-on-Sea Sunshine Coast Line
37%
Waterbeach Fen Line
37%
Brimsdown West Anglia Main Line
36%
Wymondham Breckland Line
36%
Ponders End West Anglia Main Line
35%
Wickford Shenfield to Southend Line
35%
Derby Road Felixstowe Branch Line
34%
Kelvedon Great Eastern Main Line
34%
Manea Ely to Peterborough Line
34%
Seven Kings Great Eastern Main Line
34%
Acle Wherry Lines
33%
Beccles East Suffolk Line
33%
Shippea Hill Breckland Line
33%
Southminster Crouch Valley Line
33%
Brandon Breckland Line
32%
Ware Hertford East Branch Line
32%
Brundall Wherry Lines
31%
Hatfield Peverel Great Eastern Main Line
31%
Sawbridgeworth West Anglia Main Line
31%
Whittlesea Ely to Peterborough Line
31%
Bures Gainsborough Line
30%
Dovercourt Mayflower Line
30%
Oulton Broad North Wherry Lines
30%
Oulton Broad South East Suffolk Line
30%
St Margarets Hertford East Branch Line
30%
Thorpe-le-Soken Sunshine Coast Line
30%
Brundall Gardens Wherry Lines
29%
Saxmundham East Suffolk Line
28%
Whittlesford Parkway West Anglia Main Line
28%
Attleborough Breckland Line
27%
Burnham-on-Crouch Crouch Valley Line
27%
Roydon West Anglia Main Line
27%
White Notley Braintree Branch Line
27%
Woodbridge East Suffolk Line
27%
Chappel & Wakes Colne Gainsborough Line
26%
Lakenheath Breckland Line
26%
Newport West Anglia Main Line
26%
Prittlewell Shenfield to Southend Line
26%
Reedham Wherry Lines
26%
Trimley Felixstowe Branch Line
26%
Westerfield East Suffolk Line
26%
South Woodham Ferrers Crouch Valley Line
25%
West Runton Bittern Line
25%
Buckenham Wherry Lines
24%
Cressing Braintree Branch Line
24%
Dullingham Ipswich to Ely Line
24%
Great Chesterford West Anglia Main Line
24%
Lingwood Wherry Lines
24%
Battlesbridge Crouch Valley Line
23%
Elmswell Ipswich to Ely Line
23%
Kennet Ipswich to Ely Line
23%
Mistley Mayflower Line
23%
Rye House Hertford East Branch Line
23%
Weeley Sunshine Coast Line
23%
Wivenhoe Sunshine Coast Line
23%
Harling Road Breckland Line
22%
Hythe Sunshine Coast Line
22%
Thurston Ipswich to Ely Line
22%
Brampton East Suffolk Line
21%
Cantley Wherry Lines
21%
Eccles Road Breckland Line
21%
Gunton Bittern Line
21%
Halesworth East Suffolk Line
21%
Hockley Shenfield to Southend Line
21%
North Walsham Bittern Line
21%
Rochford Shenfield to Southend Line
21%
Spooner Row Breckland Line
21%
Elsenham West Anglia Main Line
20%
Great Bentley Sunshine Coast Line
20%
Hoveton & Wroxham Bittern Line
20%
Roughton Road Bittern Line
20%
Wickham Market East Suffolk Line
20%
Wrabness Mayflower Line
20%
Haddiscoe Wherry Lines
19%
Melton East Suffolk Line
19%
Alresford Sunshine Coast Line
18%
Althorne Crouch Valley Line
18%
Kirby Cross Sunshine Coast Line
18%
North Fambridge Crouch Valley Line
18%
Salhouse Bittern Line
18%
Somerleyton Wherry Lines
18%
Darsham East Suffolk Line
17%
Shelford West Anglia Main Line
17%
Worstead Bittern Line
14%
No matching quizzes found
Score Distribution
Percent of People with Each Score
Percentile by Number Answered
Your Score History
You have not taken this quiz since the last reset